000 00777nam a22002297a 4500
999 _c6027
_d6027
003 AR-CdUCM
008 190313b ||||| |||| 00| 0 spa d
040 _aMUNICIPALIDAD PROVINCIAL DEL CUSCO
_cBIBLIOTECA MUNICIPAL DEL CUSCO
082 _a985.009 /
_bC657L
100 _aLohmann Villena, Guillermo
_94296
245 _aBernabé Cobo :
_bdel Valle Caviedes /
260 _aLima :
_bUniversitaria,
_c1966
300 _a114 páginas ;
_c19 cm.
440 _aBiblioteca hombres del Peru
_n31
_917605
500 _aDonación de la familia Nieto.
505 _aContenido: Bernabe Cobo -- Juan del Valle Caviedes.
650 _aCobo, Bernabé
_917606
650 _aCaviedes, Juan del Valle
_917607
700 _aCisneros, Luis Jaime
_92230
942 _2ddc
_cLIBROS
945 _acmm